000 00395nam a2200157Ia 4500
008 231217s9999 xx 000 0 und d
020 _a8178814412
041 _aEnglish
082 _a338.9 JAN;1 R
100 _aJanardhana Rao, N ed.
245 0 _aGlobalization : an introduction
260 _c2005
_bIcfai
_aHyderabad
300 _avi, 152+A15
650 _aGlobalization
942 _cAA
999 _c190212
_d190212